Подробности
| 000 -МАРКЕР |
| контрольное поле |
01705nam2a22002891 4500 |
| 001 - ИДЕНТИФИКАТОР ЗАПИСИ |
| контрольное поле |
rc\3717689 |
| 005 - ИДЕНТИФИКАТОР ВЕРСИИ |
| контрольное поле |
20250630143639.0 |
| 021 ## - НОМЕР ГОСУДАРСТВЕННОЙ РЕГИСТРАЦИИ |
| Код страны |
Российская Федерация |
| Номер |
[74-69549] |
| 035 ## - ДРУГИЕ СИСТЕМНЫЕ НОМЕРА |
| Идентификатор записи |
(NLR Aleph) 007860374 |
| 100 ## - ДАННЫЕ ОБЩЕЙ ОБРАБОТКИ |
| Данные общей обработки |
20130115d1974 |||y0rusy50 ca |
| 101 0# - ЯЗЫК РЕСУРСА |
| Язык текста, звукозаписи и т.д. |
русский |
| 102 ## - СТРАНА ПУБЛИКАЦИИ ИЛИ ПРОИЗВОДСТВА |
| Страна публикации |
Российская Федерация |
| 105 ## - ПОЛЕ КОДИРОВАННЫХ ДАННЫХ: ТЕКСТОВЫЕ МАТЕРИАЛЫ, МОНОГРАФИЧЕСКИЕ |
| Кодированные данные о монографическом текстовом документе |
ab z ||||| |
| 200 1# - ЗАГЛАВИЕ И СВЕДЕНИЯ ОБ ОТВЕТСТВЕННОСТИ |
| Основное заглавие |
Биогеоценозы и их компоненты |
| Первые сведения об ответственности |
[Авт. Н.И. Базилевич, В.М. Курачев, Г.М. Дзюба и др.] |
| 210 ## - ПУБЛИКАЦИЯ, РАСПРОСТРАНЕНИЕ И ДР. |
| Дата издания, распространения и т.д. |
1974 |
| 215 ## - ФИЗИЧЕСКАЯ ХАРАКТЕРИСТИКА |
| Специфическое обозначение материала и объем |
307 с., 3 л. черт., карт. |
| Другие сведения о физической характеристике |
ил., карт. |
| 320 ## - ПРИМЕЧАНИЯ О НАЛИЧИИ В ДОКУМЕНТЕ БИБЛИОГРАФИИ / УКАЗАТЕЛЯ |
| Текст примечания |
Список лит.: с. 298-305 |
| 461 #0 - УРОВЕНЬ НАБОРА |
| Встроенное поле |
001rc\3717688 |
| -- |
2001#$aСтруктура, функционирование и эволюция системы биогеоценозов Барабы$dStructure, functioning and evolution of the Baraba biogeocenoses$fОтв. ред. д-р с.-х. наук, проф. Р.В. Ковалев$gАН СССР. Сиб. отд-ние. Ин-т почвоведения и агрохимии. Т. 1-$vТ. 1 |
| Системный номер (АБИС) связанной записи |
7798791 |
| Место публикации |
Новосибирск |
| Дата публикации |
1974- |
| Первые сведения об ответственности |
Отв. ред. д-р с.-х. наук, проф. Р.В. Ковалев |
| Параллельное заглавие |
Structure, functioning and evolution of the Baraba biogeocenoses |
| Имя издателя, распространителя и т.д. |
Наука. Сиб. отд-ние |
| Заглавие |
Структура, функционирование и эволюция системы биогеоценозов Барабы |
| Номер тома |
Т. 1 |
| 701 #1 - ИМЯ ЛИЦА - АЛЬТЕРНАТИВНАЯ ОТВЕТСТВЕННОСТЬ |
| Начальный элемент ввода |
Курачев |
| Часть имени, кроме начального элемента ввода |
В.М. |
| 701 #1 - ИМЯ ЛИЦА - АЛЬТЕРНАТИВНАЯ ОТВЕТСТВЕННОСТЬ |
| Начальный элемент ввода |
Дзюба |
| Часть имени, кроме начального элемента ввода |
Г.М. |
| 701 #1 - ИМЯ ЛИЦА - АЛЬТЕРНАТИВНАЯ ОТВЕТСТВЕННОСТЬ |
| Графика поля |
Кириллица |
| Материалы, к которым относится поле |
rus |
| Начальный элемент ввода |
Базилевич |
| Часть имени, кроме начального элемента ввода |
Н. И. |
| Даты |
1910-1997 |
| Расширение инициалов личного имени |
Наталья Ивановна |
| Системный номер авторитетной/нормативной записи |
150620 |
| Идентификатор авторитетной/нормативной записи |
RU\NLR\AUTH\770150657 |
| 801 #0 - ИСТОЧНИК ЗАПИСИ |
| Страна |
Российская Федерация |
| Организация |
NLR |
| Правила каталогизации |
psbo |
| 801 #1 - ИСТОЧНИК ЗАПИСИ |
| Страна |
Российская Федерация |
| Организация |
ELAR |
| Источник данных |
rusmarc |
| 852 ## - МЕСТОНАХОЖДЕНИЕ И ШИФР ХРАНЕНИЯ |
| Идентификатор организации |
NLR |
| Шифр хранения (Call Number) |
74-5/2389 |
| 942 ## - ДОПОЛНИТЕЛЬНЫЕ ЭЛЕМЕНТЫ ЗАПИСИ (АБИС) |
| Тип экземпляра АБИС |
Книга |
| 980 ## - КОЛЛЕКЦИЯ |
| Название коллекции |
Национальная библиография |